[Event "Oslo Chess Festival 2017 "]
[Site "Quality Hotel Expo, Fornebu"]
[Date "2017.09.29"]
[Round "6.8"]
[White "Urkedal, Frode Olav Olsen"]
[Black "Mikalsen, Erlend"]
[Result "1-0"]
[WhiteElo "2570"]
[BlackElo "2322"]
[PlyCount "139"]
[EventDate "2017.??.??"]

1. d4 Nf6 2. c4 e6 3. Nf3 b6 4. g3 Ba6 5. Qc2 c5 6. d5 exd5 7. cxd5 Bb7 8. Bg2
Nxd5 9. O-O Be7 10. Rd1 Nc6 11. a3 Nc7 12. Bf4 Ne6 13. e3 O-O 14. Nc3 Nxf4 15.
exf4 Bf6 16. Ne4 d5 17. Nfg5 Bxg5 18. Nxg5 g6 19. Bxd5 Qe7 20. Re1 Qd7 21. Ne4
Kg7 22. Qc3+ Nd4 23. Bxb7 Qxb7 24. b4 Rfe8 25. f3 Rad8 26. Kf2 Qd5 27. bxc5
bxc5 28. Nxc5 Rxe1 29. Rxe1 Qa2+ 30. Kg1 Kh6 31. Qd3 Nc6 32. Qe3 Rd2 33. f5+ g5
34. Ne4 Rg2+ 35. Kf1 f6 36. Nf2 Rxh2 37. Ng4+ Kg7 38. Nxh2 Qxh2 39. f4 Qh1+ 40.
Kf2 Qh2+ 41. Kf3 h5 42. fxg5 Ne5+ 43. Kf4 Nd3+ 44. Ke4 Nxe1 45. Qxa7+ Kf8 46.
Qb8+ Ke7 47. Qc7+ Ke8 48. Qc8+ Ke7 49. Qe6+ Kd8 50. Qxf6+ Kd7 51. Qd4+ Ke8 52.
Qa4+ Kf7 53. Qd7+ Kf8 54. Qc8+ Kf7 55. g6+ Kf6 56. Qc3+ Kg5 57. Qe3+ Kf6 58.
Qxe1 Qc2+ 59. Ke3 Qb3+ 60. Kf4 Qb8+ 61. Kf3 Qb7+ 62. Qe4 Qb3+ 63. Kg2 Qxa3 64.
Kh3 Qc1 65. g7 Qc8 66. Qe6+ Qxe6 67. fxe6 Kxg7 68. Kh4 Kf6 69. Kxh5 Kxe6 70.
Kg6 1-0

[Event "Oslo Chess Festival 2017 "]
[Site "Quality Hotel Expo, Fornebu"]
[Date "2017.09.29"]
[Round "6.5"]
[White "Risting, Eivind Olav"]
[Black "Chatalbashev, Boris"]
[Result "1/2-1/2"]
[WhiteElo "2322"]
[BlackElo "2537"]
[PlyCount "136"]
[EventDate "2017.??.??"]

1. d4 Nf6 2. c4 g6 3. Nc3 d5 4. Bg5 Ne4 5. Bh4 Nxc3 6. bxc3 dxc4 7. e3 Be6 8.
Qb1 b6 9. Nh3 Bh6 10. Bg5 Bg7 11. Nf4 Bf5 12. e4 Bd7 13. Bxc4 Nc6 14. e5 Na5
15. Bd5 Bf5 16. Qb5+ c6 17. Bxc6+ Nxc6 18. Qxc6+ Bd7 19. Qe4 O-O 20. e6 fxe6
21. O-O Rf5 22. Nxe6 Qc8 23. Nxg7 Rxg5 24. Qxe7 Qd8 25. Rfe1 Bh3 26. Qxd8+ Rxd8
27. Ne6 Bxe6 28. Rxe6 Rc8 29. Rae1 Ra5 30. R1e2 Rxc3 31. Re8+ Kf7 32. R8e7+ Kf6
33. h4 h5 34. R7e6+ Kf7 35. g3 Rxa2 36. Re7+ Kf8 37. Re8+ Kf7 38. Rxa2 Kxe8 39.
Rxa7 Rc6 40. Kg2 Rd6 41. Rg7 Kf8 42. Rb7 Rxd4 43. Rxb6 Kf7 44. Kf3 Ra4 45. Ke3
Kg7 46. Rd6 Kf7 47. f3 Rb4 48. Rd4 Rb5 49. Kf4 Ke6 50. Re4+ Kf6 51. Ra4 Rf5+
52. Ke4 Re5+ 53. Kd4 Re1 54. Ra6+ Kf5 55. Ra5+ Kf6 56. g4 hxg4 57. fxg4 Rh1 58.
Ra6+ Kf7 59. Ke5 Rxh4 60. Ra7+ Kg8 61. Kf4 Rh1 62. Kg5 Rg1 63. Ra8+ Kg7 64. Ra6
Kh7 65. Ra7+ Kg8 66. Ra6 Kh7 67. Rxg6 Rxg4+ 68. Kxg4 Kxg6 1/2-1/2

[Event "Oslo Chess Festival 2017 "]
[Site "Quality Hotel Expo, Fornebu"]
[Date "2017.09.29"]
[Round "6.6"]
[White "Blomqvist, Erik"]
[Black "Gabrielsen, Stig"]
[Result "1-0"]
[WhiteElo "2521"]
[BlackElo "2314"]
[PlyCount "63"]
[EventDate "2017.??.??"]

1. e4 c5 2. Nf3 e6 3. c3 d5 4. exd5 exd5 5. d4 Nc6 6. Bb5 Bd6 7. Be3 c4 8. b3
cxb3 9. axb3 Nge7 10. h3 O-O 11. O-O Bf5 12. Re1 h6 13. Bc1 Qb6 14. Bf1 Ng6 15.
Ba3 Bxa3 16. Nxa3 a6 17. Nd2 Nce7 18. h4 Qf6 19. g3 b5 20. h5 Nh8 21. Nc2 Rac8
22. Re3 Bxc2 23. Qxc2 Nf5 24. Bd3 Rxc3 25. Qxc3 Nxe3 26. fxe3 Qg5 27. Nf1 Qxh5
28. Rxa6 Ng6 29. Bxb5 Qg4 30. Qc7 h5 31. Qd7 Qg5 32. Bd3 1-0

[Event "Oslo Chess Festival 2017 "]
[Site "Quality Hotel Expo, Fornebu"]
[Date "2017.09.29"]
[Round "6.9"]
[White "Stany, G.A."]
[Black "Hobber, Anders"]
[Result "1-0"]
[WhiteElo "2491"]
[BlackElo "2264"]
[PlyCount "93"]
[EventDate "2017.??.??"]

1. e4 e6 2. d4 d5 3. e5 c5 4. c3 Nc6 5. Nf3 Bd7 6. Be2 Rc8 7. O-O Nge7 8. Re1
Nf5 9. dxc5 Bxc5 10. Bd3 O-O 11. Nbd2 Bb6 12. Nb3 h6 13. Bxf5 exf5 14. Qxd5 Be6
15. Qxd8 Rfxd8 16. Be3 Bc7 17. Nbd4 g5 18. Nxc6 bxc6 19. h4 f4 20. Bxa7 Rd5 21.
Nd4 Ra8 22. Nxc6 Rd2 23. b4 Rxa7 24. Nxa7 Bb6 25. Nc6 Bxf2+ 26. Kh1 Bxe1 27.
Rxe1 Rxa2 28. hxg5 hxg5 29. b5 Rb2 30. Nb4 Bc8 31. e6 fxe6 32. Re5 g4 33. Nd3
Rb3 34. Rg5+ Kf7 35. Rxg4 e5 36. Nxe5+ Kf6 37. Rg8 Rxc3 38. Nc6 Bb7 39. Na5 Bd5
40. Rf8+ Ke5 41. b6 Rc1+ 42. Kh2 Rb1 43. b7 Bxb7 44. Nc4+ Ke6 45. Rb8 Be4 46.
Re8+ Kd5 47. Rxe4 {Time} 1-0

[Event "Oslo Chess Festival 2017 "]
[Site "Quality Hotel Expo, Fornebu"]
[Date "2017.09.29"]
[Round "6.7"]
[White "Li, Di"]
[Black "Ã~stenstad, Berge"]
[Result "1-0"]
[WhiteElo "2459"]
[BlackElo "2447"]
[PlyCount "76"]
[EventDate "2017.??.??"]

1. Nf3 Nf6 2. c4 c5 3. Nc3 d5 4. cxd5 Nxd5 5. e4 Nxc3 6. dxc3 Qxd1+ 7. Kxd1 Nd7
8. Bc4 e6 9. Bf4 Be7 10. Kc2 O-O 11. a4 Nf6 12. Rhe1 b6 13. Nd2 Bb7 14. f3 Nh5
15. Be3 Rfd8 16. Be2 h6 17. g3 Nf6 18. Nc4 Rac8 19. h4 Nd7 20. Red1 Bc6 21. h5
f5 22. exf5 exf5 23. Bf4 Nf6 24. Rxd8+ Rxd8 25. Ne5 Bd5 26. Ng6 Kf7 27. Nxe7
Kxe7 28. Re1 Kf8 29. g4 fxg4 30. fxg4 Re8 31. Bd2 Kf7 32. c4 Be4+ 33. Kd1 a5
34. Bc3 Bc6 35. b3 Re3 36. Kd2 Rg3 37. Bd3 Bd7 38. Be5 Rxg4 1-0

[Event "Oslo Chess Festival 2017 "]
[Site "Quality Hotel Expo, Fornebu"]
[Date "2017.09.29"]
[Round "6.1"]
[White "Bartholomew, John"]
[Black "Chu, Wei Chao"]
[Result "1-0"]
[WhiteElo "2449"]
[BlackElo "2340"]
[PlyCount "97"]
[EventDate "2017.??.??"]

1. d4 Nf6 2. c4 g6 3. Nc3 d5 4. cxd5 Nxd5 5. e4 Nxc3 6. bxc3 Bg7 7. Qa4+ Qd7 8.
Bb5 c6 9. Be2 O-O 10. Qa3 e5 11. Nf3 exd4 12. cxd4 Re8 13. O-O Rxe4 14. Bc4 h6
15. Qd3 Qf5 16. Ne5 Rxe5 17. dxe5 Qxd3 18. Bxd3 Be6 19. f4 Nd7 20. a4 Nc5 21.
Bc2 Nb3 22. Bxb3 Bxb3 23. Rb1 Bc4 24. Rxb7 Bxf1 25. Kxf1 a5 26. Be3 Bf8 27. Ke2
h5 28. Rc7 Rb8 29. Rxc6 Rb4 30. Rc8 Kg7 31. Kd3 Rxa4 32. Bd4 Be7 33. Rc7 Kf8
34. Rc8+ Kg7 35. Re8 Bb4 36. Rb8 Be7 37. Rb7 Kf8 38. Rb8+ Kg7 39. Re8 Bb4 40.
g3 Ra3+ 41. Kc4 Ra2 42. Ra8 Be7 43. e6+ f6 44. Ra7 Kf8 45. Bxf6 Bxf6 46. Rf7+
Ke8 47. Rxf6 g5 48. f5 Rxh2 49. Rg6 1-0

[Event "Oslo Chess Festival 2017 "]
[Site "Quality Hotel Expo, Fornebu"]
[Date "2017.09.29"]
[Round "6.10"]
[White "Xu, Yi"]
[Black "Louis, Thibault"]
[Result "1-0"]
[WhiteElo "2439"]
[BlackElo "2207"]
[PlyCount "55"]
[EventDate "2017.??.??"]

1. e4 e6 2. d4 d5 3. Nc3 Nf6 4. e5 Nfd7 5. f4 c5 6. Nf3 Nc6 7. Be3 Be7 8. Qd2
b6 9. Bb5 Bb7 10. O-O O-O 11. Nd1 cxd4 12. Nxd4 Nxd4 13. Bxd4 Nc5 14. Nf2 a6
15. Be2 f5 16. exf6 Bxf6 17. Ng4 Rc8 18. Nxf6+ gxf6 19. Bd3 Qd6 20. Rf3 Rc7 21.
Rg3+ Kh8 22. Re1 Re7 23. Re5 Bc6 24. Rh5 Be8 25. Rh6 Nd7 26. Bxh7 Rg7 27. Rgh3
e5 28. Bg6+ 1-0

[Event "Oslo Chess Festival 2017 "]
[Site "Quality Hotel Expo, Fornebu"]
[Date "2017.09.29"]
[Round "6.11"]
[White "Djurhuus, Rune"]
[Black "Sousa, Ludy Helsio P"]
[Result "1-0"]
[WhiteElo "2417"]
[BlackElo "2171"]
[PlyCount "79"]
[EventDate "2017.??.??"]

1. d4 Nf6 2. c4 d6 3. Nc3 g6 4. e4 Bg7 5. Be2 Nbd7 6. Nf3 e5 7. O-O O-O 8. Be3
Ng4 9. Bg5 f6 10. Bc1 f5 11. Bg5 Ngf6 12. Qc2 h6 13. Bxf6 Qxf6 14. dxe5 Nxe5
15. Rad1 Nxf3+ 16. Bxf3 c6 17. Rd2 Qe7 18. Ne2 Be5 19. Nd4 f4 20. Be2 Bg7 21.
Rfd1 g5 22. h3 Rd8 23. c5 Be5 24. Bc4+ Kg7 25. Nf3 b5 26. Bb3 Bb7 27. Nxe5 dxe5
28. Rd6 Rxd6 29. cxd6 Qd7 30. Qc5 Kf6 31. Rd3 h5 32. g3 Rh8 33. h4 gxh4 34.
gxf4 Qg4+ 35. Kf1 Qxf4 36. d7 Rd8 37. Qd6+ Kg5 38. Qc7 Qf6 39. Rd6 Qe7 40. Re6
1-0

[Event "Oslo Chess Festival 2017 "]
[Site "Quality Hotel Expo, Fornebu"]
[Date "2017.09.29"]
[Round "6.16"]
[White "Vogt, Lothar"]
[Black "Bentsen, HÃ¥kon"]
[Result "1/2-1/2"]
[WhiteElo "2401"]
[BlackElo "2071"]
[PlyCount "73"]
[EventDate "2017.??.??"]

1. e4 e5 2. Nf3 Nc6 3. Bb5 a6 4. Ba4 Nf6 5. O-O Be7 6. Re1 b5 7. Bb3 d6 8. c3
O-O 9. h3 Na5 10. Bc2 c5 11. d4 Qc7 12. Nbd2 Nc6 13. d5 Nd8 14. a4 Ra7 15. b4
cxb4 16. cxb4 a5 17. axb5 axb4 18. Rxa7 Qxa7 19. Nb3 Bd7 20. Be3 Qb8 21. b6 Nb7
22. Qa1 Rc8 23. Qa7 Nc5 24. Qxb8 Rxb8 25. Nxc5 dxc5 26. Nxe5 Rxb6 27. Nc4 Ra6
28. f3 Bb5 29. Bb3 Nd7 30. e5 Ba4 31. Bxa4 Rxa4 32. Rc1 b3 33. d6 Bf8 34. Nb2
Ra2 35. Rb1 Nxe5 36. Bxc5 Ra6 37. f4 1/2-1/2

[Event "Oslo Chess Festival 2017 "]
[Site "Quality Hotel Expo, Fornebu"]
[Date "2017.09.29"]
[Round "6.25"]
[White "Stark, Lars"]
[Black "Nygaard, Karl Magnus"]
[Result "1-0"]
[WhiteElo "2397"]
[BlackElo "1661"]
[PlyCount "81"]
[EventDate "2017.??.??"]

1. c4 e6 2. g3 Nf6 3. Bg2 d5 4. Nf3 Be7 5. O-O O-O 6. Qc2 c6 7. b3 Nbd7 8. Bb2
Re8 9. d3 Nf8 10. e4 dxe4 11. dxe4 c5 12. Nc3 a6 13. Rad1 Qc7 14. e5 N6d7 15.
Ne4 Ng6 16. Rfe1 Ndxe5 17. Nxe5 Nxe5 18. Bxe5 Qxe5 19. Nd6 Bxd6 20. Rxe5 Bxe5
21. b4 cxb4 22. Qa4 Rf8 23. Qa5 Bf6 24. c5 e5 25. h3 Rb8 26. Qxb4 e4 27. Bxe4
Bxh3 28. Bxb7 Bc8 29. c6 Bxb7 30. cxb7 Rfe8 31. Rd7 Re6 32. Qf4 Ree8 33. Qc4
Re6 34. Qf4 Ree8 35. Qc4 Re6 36. Rc7 Be5 37. Rc8+ Re8 38. Qxa6 g6 39. a4 Kg7
40. Rxe8 Rxe8 41. Qb5 1-0

[Event "Oslo Chess Festival 2017 "]
[Site "Quality Hotel Expo, Fornebu"]
[Date "2017.09.29"]
[Round "6.15"]
[White "Nordquelle, Daniel"]
[Black "Devereaux, Maxim L"]
[Result "0-1"]
[WhiteElo "2203"]
[BlackElo "2357"]
[PlyCount "58"]
[EventDate "2017.??.??"]

1. e4 e6 2. d4 d5 3. Nc3 Bb4 4. e5 c5 5. Qg4 Ne7 6. dxc5 Nbc6 7. Bd2 O-O 8.
O-O-O f5 9. exf6 Rxf6 10. Bd3 Bxc3 11. Bxc3 e5 12. Qh5 Bf5 13. Bxf5 Rxf5 14.
Qg4 d4 15. Bd2 Qd5 16. Kb1 b6 17. Nf3 bxc5 18. Rhe1 Rb8 19. Qe4 c4 20. Bc1 Qa5
21. Qe2 d3 22. Qe4 Rb4 23. c3 Ra4 24. a3 Qb5 25. Ka1 Ra5 26. b4 Rf4 27. Bxf4
Rxa3+ 28. Kb2 Rb3+ 29. Kc1 Rxc3+ 0-1

[Event "Oslo Chess Festival 2017 "]
[Site "Quality Hotel Expo, Fornebu"]
[Date "2017.09.29"]
[Round "6.26"]
[White "Maksimovic, Branimir"]
[Black "GrÃ¸ver, Sigurd Loe"]
[Result "0-1"]
[WhiteElo "2343"]
[BlackElo "1816"]
[PlyCount "74"]
[EventDate "2017.??.??"]

1. d4 d5 2. Bf4 Nf6 3. e3 e6 4. Nf3 c5 5. c3 Nc6 6. Bd3 Bd6 7. Bg3 O-O 8. Nbd2
b6 9. Ne5 Bb7 10. O-O Ne7 11. Qb1 g6 12. Bh4 Ne8 13. f4 f6 14. Nef3 Nf5 15. Bf2
cxd4 16. cxd4 Be7 17. g4 Nfd6 18. h4 Rf7 19. g5 Nf5 20. Nh2 Ned6 21. Ng4 fxg5
22. hxg5 Bxg5 23. Nf3 Bf6 24. Kg2 Ne4 25. Rh1 Rg7 26. Kf1 g5 27. fxg5 Bxg5 28.
Ke2 Qd6 29. Rh3 Rf8 30. Qh1 Bxe3 31. Nxe3 Nxd4+ 32. Kf1 Nxf3 33. Rxf3 Rxf3 34.
Bxe4 dxe4 35. Rd1 Ba6+ 36. Ke1 Qb4+ 37. Rd2 Rxf2 0-1

[Event "Oslo Chess Festival 2017 "]
[Site "Quality Hotel Expo, Fornebu"]
[Date "2017.09.29"]
[Round "6.27"]
[White "Efroimski, Marsel"]
[Black "Aarnes, Carl Christian"]
[Result "1-0"]
[WhiteElo "2331"]
[BlackElo "1809"]
[PlyCount "101"]
[EventDate "2017.??.??"]

1. e4 e6 2. d4 d5 3. Nd2 Nf6 4. e5 Nfd7 5. Ngf3 c5 6. c3 Nc6 7. Bd3 f6 8. O-O
cxd4 9. cxd4 Bb4 10. a3 Ba5 11. b4 Bb6 12. Nb3 O-O 13. Qc2 f5 14. Bd2 Qe7 15.
b5 Nd8 16. Bb4 Qf7 17. a4 a5 18. Bxf8 Qxf8 19. Rfc1 Nf7 20. Qd2 h6 21. Rc3 Bd8
22. Nc5 Qe7 23. Rac1 Nb6 24. h3 Ng5 25. Nxg5 Qxg5 26. Qxg5 hxg5 27. f3 Kf7 28.
Kf1 Be7 29. Ke2 Bd8 30. Kd1 Be7 31. Be2 Bf8 32. Kc2 Be7 33. Kb3 Bf8 34. f4 Be7
35. Rf1 g6 36. g4 gxf4 37. gxf5 exf5 38. Rxf4 Bg5 39. Rf1 Bd2 40. Rc2 Be3 41.
Rd1 Ke7 42. Nxb7 Nc4 43. Bxc4 Bxb7 44. Bf1 Kd7 45. Rd3 f4 46. Be2 Kd8 47. Bg4
Bc8 48. Bxc8 Rxc8 49. Rxc8+ Kxc8 50. Rxe3 fxe3 51. Kc2 1-0

[Event "Oslo Chess Festival 2017 "]
[Site "Quality Hotel Expo, Fornebu"]
[Date "2017.09.29"]
[Round "6.17"]
[White "Kvisvik, Brede Alex"]
[Black "Johansen, Kai-Roger"]
[Result "1-0"]
[WhiteElo "2296"]
[BlackElo "1950"]
[PlyCount "63"]
[EventDate "2017.??.??"]

1. d4 d5 2. c4 c6 3. cxd5 cxd5 4. Bf4 Nc6 5. e3 Nf6 6. Nc3 e6 7. Bd3 Bd6 8.
Bxd6 Qxd6 9. f4 O-O 10. Nf3 Ng4 11. Bxh7+ Kh8 12. Ng5 f5 13. Bg6 Qb4 14. h3 Nf6
15. O-O Qxb2 16. Qe1 Ng8 17. Nf7+ Rxf7 18. Bxf7 Nh6 19. Bg6 Na5 20. Rb1 Qa3 21.
Nb5 Qa4 22. Be8 Nc6 23. Bxc6 bxc6 24. Nc7 Ba6 25. Nxa8 Bxf1 26. Qxf1 Qxa2 27.
Nc7 Qa3 28. Qc1 Qd6 29. Rb8+ Ng8 30. Qc5 Qxc7 31. Qf8 a6 32. Qxg8# 1-0

[Event "Oslo Chess Festival 2017 "]
[Site "Quality Hotel Expo, Fornebu"]
[Date "2017.09.29"]
[Round "6.18"]
[White "Bruaset, Eivind"]
[Black "Dolzhykova, Kateryna"]
[Result "1-0"]
[WhiteElo "2012"]
[BlackElo "2270"]
[PlyCount "63"]
[EventDate "2017.??.??"]

1. e4 c5 2. Nf3 d6 3. d4 cxd4 4. Nxd4 Nf6 5. Nc3 g6 6. Be3 Bg7 7. f3 O-O 8. Qd2
Nc6 9. O-O-O d5 10. Qe1 e5 11. Nxc6 bxc6 12. exd5 Nxd5 13. Bc4 Be6 14. Ne4 Qc7
15. Bc5 Rfd8 16. g4 h6 17. h4 f5 18. gxf5 gxf5 19. Ng3 e4 20. Nh5 Bh8 21. fxe4
Qe5 22. Qg1+ Kf7 23. Bd4 Qxe4 24. Bxd5 Rxd5 25. Bxh8 Rxd1+ 26. Kxd1 Qf3+ 27.
Kc1 Rg8 28. Qh2 Rxh8 29. Qc7+ Kg6 30. Nf4+ Kf6 31. Re1 Re8 32. Qe5+ 1-0

[Event "Oslo Chess Festival 2017 "]
[Site "Quality Hotel Expo, Fornebu"]
[Date "2017.09.29"]
[Round "6.28"]
[White "Sajjadi, Kimiya"]
[Black "Vestby-Ellingsen, Mads"]
[Result "0-1"]
[WhiteElo "1893"]
[BlackElo "2262"]
[PlyCount "28"]
[EventDate "2017.??.??"]

1. d4 Nf6 2. c4 e6 3. Nc3 Bb4 4. Qc2 O-O 5. Nf3 d5 6. cxd5 exd5 7. Bf4 c5 8.
dxc5 Qa5 9. e3 Bf5 10. Bd3 Bxc3+ 11. bxc3 Bxd3 12. Qxd3 Nbd7 13. O-O Nxc5 14.
c4 Nxd3 0-1

[Event "Oslo Chess Festival 2017 "]
[Site "Quality Hotel Expo, Fornebu"]
[Date "2017.09.29"]
[Round "6.37"]
[White "Lund, Gunnar"]
[Black "Dahl, Max"]
[Result "1-0"]
[WhiteElo "2244"]
[BlackElo "1670"]
[PlyCount "173"]
[EventDate "2017.??.??"]

1. e4 c6 2. d4 d5 3. exd5 cxd5 4. Bd3 Nc6 5. c3 Nf6 6. Bf4 e6 7. Nf3 Bd6 8.
Bxd6 Qxd6 9. O-O O-O 10. Re1 Rb8 11. a4 Bd7 12. Ne5 Ne7 13. f4 Ng6 14. Qf3 Ne8
15. Nd2 f5 16. g3 Nf6 17. Qe2 Ne4 18. Bxe4 fxe4 19. Nxg6 hxg6 20. b3 Qe7 21. h4
Rfc8 22. Rec1 Qd6 23. Qe3 a5 24. c4 Rc7 25. c5 Qe7 26. Rc3 Rbc8 27. Rac1 Bc6
28. Nf1 Qf6 29. Nh2 Qf5 30. Qe2 Qf6 31. Rd1 Re7 32. Ng4 Qf5 33. Ne5 Ra8 34. Kh2
Ree8 35. Rd2 Re7 36. Rb2 Rc7 37. Qe3 Qf6 38. Qe1 Rcc8 39. Qd1 Qf5 40. Qa1 Qf6
41. Re3 Kh7 42. Qb1 Kg8 43. Qf1 Rf8 44. Qe2 Qf5 45. b4 axb4 46. Rxb4 Ra7 47.
Ra3 Rfa8 48. Qa2 Qf6 49. a5 Ra6 50. Rb6 Kh7 51. Qb3 Qe7 52. Qb4 Qd8 53. Kg2 Qe7
54. Kf2 Qf6 55. Kg2 Qe7 56. Kh3 Qf6 57. Nxc6 Rxb6 58. axb6 Rxa3 59. Qxa3 Qf5+
60. Kg2 Qg4 61. Qe3 Qd1 62. Ne5 Qc2+ 63. Kh3 Qd1 64. g4 Qb1 65. Kg3 Qd1 66. Nf7
Qa4 67. Ng5+ Kh8 68. Nxe6 Qc6 69. Ng5 Qb5 70. Nf7+ Kh7 71. Nd6 Qa6 72. g5 Kg8
73. Nc8 Qc4 74. Ne7+ Kf7 75. Nc8 Kg8 76. Nd6 Qa6 77. Kg4 Qf1 78. Kg3 Qa6 79.
Qb3 Qf1 80. Qxd5+ Kh7 81. Qxe4 Qg1+ 82. Qg2 Qe3+ 83. Qf3 Qe1+ 84. Kh3 Qe6+ 85.
f5 Qe1 86. fxg6+ Kxg6 87. Qf5+ 1-0

[Event "Oslo Chess Festival 2017 "]
[Site "Quality Hotel Expo, Fornebu"]
[Date "2017.09.29"]
[Round "6.21"]
[White "Nielsen, Andre"]
[Black "Taksrud, Vidar"]
[Result "1-0"]
[WhiteElo "2162"]
[BlackElo "1983"]
[PlyCount "75"]
[EventDate "2017.??.??"]

1. e4 d5 2. exd5 Nf6 3. d4 Nxd5 4. Nf3 e6 5. c4 Bb4+ 6. Bd2 Bxd2+ 7. Qxd2 Nf6
8. Nc3 O-O 9. O-O-O Na6 10. Bd3 Nb4 11. Bb1 c5 12. d5 exd5 13. cxd5 c4 14. Ne5
b5 15. Rhe1 Bd7 16. Qd4 a5 17. g4 a4 18. g5 Nh5 19. Qh4 g6 20. Nxd7 Qxd7 21.
Ne4 Nd3+ 22. Bxd3 cxd3 23. Rxd3 Rac8+ 24. Kb1 Rc4 25. Qxh5 Rxe4 26. Qd1 Rxe1
27. Qxe1 Qf5 28. Qd2 Rd8 29. Ka1 Rd6 30. a3 Qe5 31. f4 Qe4 32. Rd4 Qh1+ 33. Ka2
Qf3 34. Qc3 Qf2 35. Re4 Rd8 36. d6 Qb6 37. d7 f5 38. Re8+ 1-0

[Event "Oslo Chess Festival 2017 "]
[Site "Quality Hotel Expo, Fornebu"]
[Date "2017.09.29"]
[Round "6.29"]
[White "Lillevold, Frode"]
[Black "Jarve, Edvin"]
[Result "1-0"]
[WhiteElo "2128"]
[BlackElo "1805"]
[PlyCount "83"]
[EventDate "2017.??.??"]

1. d4 Nf6 2. c4 e6 3. Nc3 Bb4 4. e3 O-O 5. Nge2 c6 6. a3 Ba5 7. b4 Bc7 8. d5
cxd5 9. cxd5 Be5 10. f4 Bxc3+ 11. Nxc3 Re8 12. Be2 d6 13. O-O exd5 14. Nxd5 Be6
15. Nxf6+ Qxf6 16. Bd2 Nd7 17. Rc1 Rac8 18. Bf3 d5 19. Qe2 Nb6 20. Rfd1 Qb2 21.
Qd3 Nc4 22. Bc3 Qb3 23. Bxd5 Bxd5 24. Qxd5 Qxa3 25. Qg5 f6 26. Bxf6 Qxe3+ 27.
Kh1 Rc7 28. h3 Qe6 29. Bc3 Rce7 30. Re1 Qf7 31. Rxe7 Qxe7 32. Qxe7 Rxe7 33.
Bxg7 Kxg7 34. Rxc4 Kf6 35. g4 Re3 36. Kg2 Re2+ 37. Kf3 Rh2 38. Ke4 Rxh3 39. Rc7
Rb3 40. Rxb7 a5 41. Rb6+ Kf7 42. bxa5 1-0

[Event "Oslo Chess Festival 2017 "]
[Site "Quality Hotel Expo, Fornebu"]
[Date "2017.09.29"]
[Round "6.44"]
[White "SjÃ¸berg, Isak"]
[Black "WÃ¦rstad, Leif E"]
[Result "1-0"]
[WhiteElo "2078"]
[BlackElo "1614"]
[PlyCount "46"]
[EventDate "2017.??.??"]

1. e4 c5 2. Nf3 Nc6 3. Bb5 g6 4. O-O Bg7 5. d3 d6 6. Bxc6+ bxc6 7. h3 Nf6 8. e5
dxe5 9. Nxe5 Qc7 10. Nf3 O-O 11. Be3 Nd5 12. Bxc5 Bxb2 13. Nbd2 Nc3 14. Qe1 Re8
15. Nc4 Bxa1 16. Qxa1 Ne2+ 17. Kh1 Nf4 18. Re1 Be6 19. Ncd2 Rad8 20. Ne4 Rd5
21. Bxe7 Rxe7 22. Nf6+ Kf8 23. Nxd5 cxd5 1-0

[Event "Oslo Chess Festival 2017 "]
[Site "Quality Hotel Expo, Fornebu"]
[Date "2017.09.29"]
[Round "6.30"]
[White "Ingebretsen, Jens E"]
[Black "Wright, Haakon"]
[Result "1-0"]
[WhiteElo "2062"]
[BlackElo "1795"]
[PlyCount "61"]
[EventDate "2017.??.??"]

1. e4 e5 2. Nf3 Nc6 3. Bc4 Bc5 4. c3 Nf6 5. d3 a6 6. O-O Ba7 7. Bb3 d6 8. Nbd2
Be6 9. d4 Bxb3 10. Qxb3 Rb8 11. Re1 O-O 12. d5 Ne7 13. Nf1 h6 14. Ng3 Qd7 15.
h3 Nh7 16. a4 f5 17. Nxe5 dxe5 18. d6+ Kh8 19. dxe7 Qxe7 20. exf5 Ng5 21. Be3
c5 22. Qc4 b5 23. axb5 axb5 24. Qg4 Bb6 25. Bxg5 hxg5 26. Ne4 Qd7 27. Qh5+ Kg8
28. g4 Bd8 29. Nxc5 Qc6 30. Ne6 Rf6 31. Nxg5 1-0

[Event "Oslo Chess Festival 2017 "]
[Site "Quality Hotel Expo, Fornebu"]
[Date "2017.09.29"]
[Round "6.31"]
[White "Nilsen, Tobias Lang"]
[Black "GonzÃ les, Francisco Silva"]
[Result "1-0"]
[WhiteElo "1899"]
[BlackElo "2046"]
[PlyCount "103"]
[EventDate "2017.??.??"]

1. Nf3 d5 2. d4 Nf6 3. c4 e6 4. Nc3 c6 5. Bg5 dxc4 6. e4 b5 7. e5 h6 8. Bh4 g5
9. Nxg5 Nd5 10. Nxf7 Qxh4 11. Nxh8 Bb4 12. Rc1 c5 13. a3 Bxc3+ 14. bxc3 Nc6 15.
Qf3 Nce7 16. Nf7 Nf5 17. Nd6+ Nxd6 18. exd6 cxd4 19. g3 Qg5 20. Rd1 d3 21. Qe4
d2+ 22. Rxd2 Kd7 23. Bg2 Kxd6 24. f4 Qh5 25. Bf3 Qf7 26. Qe5+ Kc5 27. O-O Bb7
28. f5 Re8 29. Rfd1 Kb6 30. Qd6+ Ka5 31. Qc5 Qe7 32. Qxa7+ Ba6 33. Qxe7 Rxe7
34. Bxd5 exd5 35. Rxd5 Bc8 36. Rb1 Bd7 37. Rb4 Kb6 38. a4 Bc6 39. Rd6 Kc5 40.
Rxc6+ Kxc6 41. axb5+ Kb6 42. Rxc4 Kxb5 43. Rh4 Rf7 44. g4 Rf6 45. Kf2 Kc5 46.
Ke3 Kd5 47. Kf4 Kc4 48. g5 Rf8 49. gxh6 Kxc3 50. h7 Kd4 51. h8=Q+ Rxh8 52. Rxh8
1-0

[Event "Oslo Chess Festival 2017 "]
[Site "Quality Hotel Expo, Fornebu"]
[Date "2017.09.29"]
[Round "6.24"]
[White "Federovski, Adi"]
[Black "Grindbakken, Erik"]
[Result "1-0"]
[WhiteElo "2030"]
[BlackElo "1675"]
[PlyCount "103"]
[EventDate "2017.??.??"]

1. e4 e5 2. Nf3 Nc6 3. Bb5 a6 4. Ba4 Nf6 5. d3 b5 6. Bb3 Be7 7. O-O d6 8. c3
O-O 9. Nbd2 Na5 10. Bc2 c5 11. Re1 Nc6 12. Nf1 Qc7 13. Ne3 h6 14. Nd5 Qd8 15.
h3 Be6 16. Nxe7+ Qxe7 17. Be3 Rfd8 18. d4 cxd4 19. cxd4 exd4 20. Nxd4 Nxd4 21.
Bxd4 Rac8 22. Bb1 Nd7 23. f4 f6 24. Qf3 Rc4 25. Bf2 Rdc8 26. Bd3 R4c6 27. Bh4
Qf7 28. a4 bxa4 29. Bf2 Bb3 30. Qg3 Qe8 31. Kh1 Qf7 32. Bd4 Nc5 33. Bb1 Ne6 34.
Bc3 Nc7 35. e5 dxe5 36. Qd3 Nb5 37. Qh7+ Kf8 38. Bb4+ Nd6 39. fxe5 fxe5 40. Bd3
Ke7 41. Rxe5+ Kd7 42. Rf1 Rc1 43. Be1 Qg8 44. Bf5+ Kc7 45. Re7+ Kb8 46. Qg6
R8c6 47. Rxg7 Qc4 48. Bd3 Qc5 49. Kh2 Nc8 50. Bg3+ Ka8 51. Rxc1 Qxc1 52. Be4
1-0

[Event "Oslo Chess Festival 2017 "]
[Site "Quality Hotel Expo, Fornebu"]
[Date "2017.09.29"]
[Round "6.45"]
[White "Kreken, Eivind Grunt"]
[Black "Ilyes, Peter"]
[Result "0-1"]
[WhiteElo "1486"]
[BlackElo "1996"]
[PlyCount "52"]
[EventDate "2017.??.??"]

1. c4 Nf6 2. g3 g6 3. Bg2 Bg7 4. Nc3 O-O 5. Nf3 d6 6. d3 e5 7. Nd2 c6 8. Nde4
Ne8 9. O-O f5 10. Nd2 Nd7 11. b4 Ndf6 12. a4 d5 13. cxd5 cxd5 14. Nb3 d4 15.
Nb1 Rb8 16. Nc5 Nc7 17. h3 b6 18. Nb3 Bb7 19. Bxb7 Rxb7 20. f4 Nh5 21. Qe1 Nd5
22. Bd2 Re8 23. e4 dxe3 24. Bc3 exf4 25. Bxg7 Rxg7 26. gxf4 Ndxf4 0-1

[Event "Oslo Chess Festival 2017 "]
[Site "Quality Hotel Expo, Fornebu"]
[Date "2017.09.29"]
[Round "6.32"]
[White "Ski, Jonathan K"]
[Black "Larsen, Ulrik"]
[Result "0-1"]
[WhiteElo "1848"]
[BlackElo "1975"]
[PlyCount "110"]
[EventDate "2017.??.??"]

1. c4 Nf6 2. Nc3 g6 3. g3 Bg7 4. Bg2 O-O 5. Nf3 d6 6. O-O Nc6 7. d4 a6 8. d5
Na5 9. Qd3 c5 10. Bd2 b5 11. cxb5 axb5 12. Qxb5 Ba6 13. Qa4 Nc4 14. Qc2 Rb8 15.
Rab1 Nxd2 16. Qxd2 Nd7 17. Rfe1 Nb6 18. e4 Nc4 19. Qc2 Qa5 20. Nd2 Nxb2 21.
Rxb2 Rxb2 22. Qxb2 Bxc3 23. Qc2 Bxd2 24. Rd1 Qc3 25. Qxd2 Qxd2 26. Rxd2 Rb8 27.
f4 Kf8 28. Kf2 Ke8 29. Ke3 Kd8 30. e5 Rb4 31. Be4 Bc4 32. h4 Ra4 33. Bb1 Ra3+
34. Kf2 Kc7 35. Kg2 Kb6 36. Rb2+ Ka5 37. Rd2 Kb4 38. Kf2 Kc3 39. Ke3 Kb4+ 40.
Ke4 Rxg3 41. Rb2+ Ka3 42. Rb7 Rg1 43. Rxe7 Re1+ 44. Kf3 Bxd5+ 45. Kf2 Rxb1 46.
Ra7+ Kb2 47. exd6 Be6 48. d7 Rd1 49. Rc7 c4 50. Rb7+ Kxa2 51. Ra7+ Kb2 52. Rb7+
Kc2 53. Ke2 Rxd7 54. Rb6 c3 55. Ra6 Bc4+ 0-1

[Event "Oslo Chess Festival 2017 "]
[Site "Quality Hotel Expo, Fornebu"]
[Date "2017.09.29"]
[Round "6.33"]
[White "Wetle Hoem, Tor"]
[Black "Tostrup, Trond"]
[Result "1-0"]
[WhiteElo "1965"]
[BlackElo "1717"]
[PlyCount "103"]
[EventDate "2017.??.??"]

1. d4 c6 2. c4 g6 3. Nc3 Bg7 4. e4 e5 5. dxe5 Bxe5 6. Nf3 Bg7 7. Bf4 Ne7 8. Qd2
O-O 9. Be2 d5 10. Rd1 Qa5 11. e5 Be6 12. Bg5 Qc7 13. O-O Na6 14. Bf6 h6 15. Qf4
Bxf6 16. Qxf6 Kh7 17. Nd4 Qd7 18. Bd3 Nc5 19. cxd5 Nxd5 20. Nxd5 cxd5 21. Bb1
Qd8 22. Nxe6 Nxe6 23. Bxg6+ fxg6 24. Qxe6 d4 25. Qg4 Qd5 26. Rxd4 Qxa2 27. Rd7+
Rf7 28. Rxf7+ Qxf7 29. e6 Qe7 30. Qe4 Re8 31. Re1 Kg7 32. Qd4+ Qf6 33. Qd6 Qe7
34. Qd5 b6 35. h3 Qf6 36. b4 Re7 37. b5 Qf5 38. Qd4+ Qf6 39. Qd6 Re8 40. g4 g5
41. Qd5 Re7 42. Kg2 Re8 43. Qd6 Re7 44. Qc6 Qf4 45. Re3 Qf6 46. Qd6 Re8 47. Qc6
Qe7 48. Qe4 Rf8 49. Rd3 Rd8 50. Rxd8 Qxd8 51. Qb7+ Kh8 52. Qd7 1-0